[Event "Aarhus Festuge Open"]
[Site "Aarhus"]
[Date "1992.??.??"]
[Round "2"]
[White "Stercho, Stepan"]
[Black "Hansen, Bjarne"]
[Result "0-1"]
[WhiteElo "2300"]
[BlackElo "2150"]
[PlyCount "72"]
[EventDate "1992.??.??"]

1. e4 Nf6 2. Nc3 d5 3. e5 Ne4 4. Nxe4 dxe4 5. d4 exd3 6. Bxd3 Nc6 7. Nf3 Bg4 8.
Bf4 Qd5 9. c4 Qa5+ 10. Bd2 Bxf3 11. Qxf3 Qxe5+ 12. Be3 e6 13. O-O Bd6 14. g3
O-O 15. Rfe1 Qf6 16. Qg2 Ne5 17. Be2 c6 18. Red1 Qe7 19. a3 f5 20. b4 Nf7 21.
c5 Be5 22. Ra2 Rfd8 23. Re1 Bc3 24. Rf1 Bd4 25. Bc1 a6 26. Bc4 Ne5 27. Be2 Rd7
28. Kh1 Rad8 29. f4 Ng4 30. Bc4 Ne3 31. Bxe3 Bxe3 32. Qe2 Rd4 33. Re1 Kf7 34.
Rc2 Qd7 35. Bxe6+ Qxe6 36. Qxe3 Re4 0-1

[Event "Aarhus Festuge Open"]
[Site "Aarhus"]
[Date "1992.??.??"]
[Round "2"]
[White "Ziska, Bogi"]
[Black "Pedersen, Peer Ole"]
[Result "1-0"]
[WhiteElo "2225"]
[BlackElo "2060"]
[PlyCount "69"]
[EventDate "1992.??.??"]

1. e4 c5 2. Nf3 d6 3. d4 cxd4 4. Nxd4 Nf6 5. Nc3 a6 6. Be2 e5 7. Nb3 Be7 8. O-O
O-O 9. Be3 Be6 10. Qd2 Nbd7 11. a4 Qc7 12. Rfd1 Nb6 13. a5 Nc4 14. Bxc4 Qxc4
15. Bg5 Rfe8 16. Bxf6 gxf6 17. Ra4 Qc6 18. Qd3 b5 19. axb6 Qxb6 20. Nd5 Bxd5
21. exd5 Qb5 22. Rg4+ Kh8 23. c4 Qd7 24. Rh4 f5 25. Rh5 Rab8 26. Qh3 Bf6 27.
Rd3 Kg8 28. Rg3+ Kf8 29. Rxf5 Qa4 30. Rxf6 Rxb3 31. Rxf7+ Kxf7 32. Qxh7+ Kf6
33. Qg7+ Kf5 34. Qg6+ Kf4 35. Qg4# 1-0

[Event "Aarhus Festuge Open"]
[Site "Aarhus"]
[Date "1992.??.??"]
[Round "3"]
[White "Flindtholt, Birger"]
[Black "Samaritani, Fabio"]
[Result "1/2-1/2"]
[WhiteElo "2130"]
[BlackElo "2160"]
[PlyCount "25"]
[EventDate "1992.??.??"]

1. e4 e5 2. f4 exf4 3. Be2 Ne7 4. Nf3 Nbc6 5. O-O Ng6 6. d4 d6 7. Nc3 Be7 8.
Nd5 O-O 9. Nxf4 Nxf4 10. Bxf4 Bg4 11. c3 Bh5 12. Bd3 Bg6 13. Qd2 1/2-1/2

[Event "Aarhus Festuge Open"]
[Site "Aarhus"]
[Date "1992.??.??"]
[Round "3"]
[White "Hoiberg, Nina"]
[Black "Sorensen, Michael"]
[Result "1-0"]
[WhiteElo "2245"]
[BlackElo "2100"]
[PlyCount "93"]
[EventDate "1992.??.??"]

1. e4 g6 2. d4 Bg7 3. Nc3 c6 4. f4 d5 5. e5 h5 6. Nf3 Nh6 7. Be3 Bg4 8. Be2 e6
9. O-O Nd7 10. Qd2 a6 11. Nd1 Bf8 12. Bf2 Bxf3 13. Bxf3 Qb6 14. c4 Bb4 15. Qc2
Qd8 16. c5 Ba5 17. b4 Bc7 18. a4 Nf8 19. Nc3 f5 20. b5 Qc8 21. bxc6 bxc6 22.
Rab1 Rh7 23. Rb3 Ng4 24. Rfb1 Nxf2 25. Qxf2 Nd7 26. Be2 Rb8 27. Qg3 Kf7 28. Qd3
Rxb3 29. Rxb3 Nb8 30. Qb1 Ke8 31. a5 Re7 32. Na4 Kf7 33. Nb6 Qd8 34. Qf1 Kg7
35. Bxa6 Nxa6 36. Qxa6 Bb8 37. Nc8 Rc7 38. Rxb8 Qh4 39. g3 Qg4 40. Qf1 h4 41.
Nd6 Ra7 42. Rb7+ Rxb7 43. Nxb7 g5 44. a6 gxf4 45. h3 Qg5 46. Qxf4 Qh5 47. g4
1-0

[Event "Aarhus Festuge Open"]
[Site "Aarhus"]
[Date "1992.??.??"]
[Round "3"]
[White "Husted, Peter"]
[Black "Jacobsen, Bo"]
[Result "0-1"]
[WhiteElo "2245"]
[BlackElo "2245"]
[PlyCount "56"]
[EventDate "1992.??.??"]

1. d4 Nf6 2. c3 d6 3. Bg5 Nbd7 4. Nd2 e5 5. Ngf3 Be7 6. dxe5 dxe5 7. e4 O-O 8.
Bc4 Nh5 9. Bxe7 Qxe7 10. O-O Nf4 11. Re1 c6 12. a4 Rd8 13. Qc2 Nf8 14. Bf1 N8g6
15. h3 Be6 16. Kh2 Qc5 17. Re3 a5 18. Ng5 Bd7 19. g3 h6 20. Ngf3 Be6 21. gxf4
exf4 22. Re2 Qh5 23. Nd4 Rxd4 24. cxd4 Bxh3 25. Bxh3 Qxe2 26. Rf1 Nh4 27. Qd1
Qxd2 28. Qg4 g5 0-1

[Event "Aarhus Festuge Open"]
[Site "Aarhus"]
[Date "1992.??.??"]
[Round "3"]
[White "Jensen, Vagn"]
[Black "Sand, Bjorn"]
[Result "1-0"]
[WhiteElo "2250"]
[BlackElo "1765"]
[PlyCount "69"]
[EventDate "1992.??.??"]

1. e4 e5 2. Nf3 Nc6 3. Bb5 a6 4. Ba4 Nf6 5. O-O Be7 6. d4 exd4 7. Re1 b5 8. e5
Nxe5 9. Rxe5 bxa4 10. Nxd4 O-O 11. Nc3 Bd6 12. Re1 Ne8 13. Nf5 Bb7 14. Qg4 Qf6
15. Be3 Qg6 16. Qh3 Nf6 17. Nxd6 cxd6 18. Rad1 d5 19. Bd4 Bc6 20. Re3 Nh5 21.
Qf3 Rfe8 22. Rde1 Re6 23. Nxd5 Qg5 24. c4 Nf6 25. Rxe6 fxe6 26. Ne7+ Kf7 27.
Nxc6 dxc6 28. Qxc6 Re8 29. h3 a3 30. bxa3 Qd2 31. Qc7+ Re7 32. Qe5 Qxa2 33. Qc5
Qd2 34. Rb1 Ne4 35. Qh5+ 1-0

[Event "Aarhus Festuge Open"]
[Site "Aarhus"]
[Date "1992.??.??"]
[Round "3"]
[White "Kostuk, Anatolij"]
[Black "Ostersen, Kjeld"]
[Result "0-1"]
[WhiteElo "2000"]
[BlackElo "2080"]
[PlyCount "58"]
[EventDate "1992.??.??"]

1. e4 c5 2. d4 cxd4 3. Qxd4 Nc6 4. Qc3 e5 5. Nf3 Bb4 6. Bd2 Bxc3 7. Bxc3 Nf6 8.
Bd3 d5 9. exd5 Nxd5 10. Nbd2 Nxc3 11. bxc3 O-O 12. O-O Bg4 13. Rfe1 Bxf3 14.
Nxf3 Qa5 15. Re3 g6 16. Bc4 Qc5 17. Bb3 Na5 18. Nxe5 Nxb3 19. cxb3 Rad8 20. Nc4
Rfe8 21. Rf3 b5 22. Nb2 Rd2 23. b4 Qd6 24. Rb1 Rxb2 25. Ra1 Rbe2 26. g3 Qd5 27.
Kg2 R8e3 28. Rf1 Qxf3+ 29. Kg1 Rxf2 0-1

[Event "Aarhus Festuge Open"]
[Site "Aarhus"]
[Date "1992.??.??"]
[Round "3"]
[White "Lindfeldt, Jan Magnus"]
[Black "Pedersen, Bjarne"]
[Result "1/2-1/2"]
[WhiteElo "2030"]
[BlackElo "2235"]
[PlyCount "29"]
[EventDate "1992.??.??"]

1. e4 c5 2. c3 b6 3. d4 Bb7 4. Bd3 Nf6 5. f3 e6 6. e5 Nd5 7. Be4 Qc7 8. Ne2 f5
9. Bxd5 Bxd5 10. O-O Be7 11. b3 cxd4 12. cxd4 O-O 13. Nbc3 Bb7 14. Bb2 d5 15.
Qc1 1/2-1/2

[Event "Aarhus Festuge Open"]
[Site "Aarhus"]
[Date "1992.??.??"]
[Round "3"]
[White "Marcussen, Anders"]
[Black "Stercho, Stepan"]
[Result "1-0"]
[WhiteElo "2135"]
[BlackElo "2300"]
[PlyCount "65"]
[EventDate "1992.??.??"]

1. d4 Nf6 2. Nf3 g6 3. c4 c5 4. Nc3 cxd4 5. Nxd4 Bg7 6. g3 O-O 7. Bg2 Nc6 8.
O-O Qb6 9. Nc2 d6 10. b3 Bf5 11. Be3 Qd8 12. Nd4 Bd7 13. h3 Qc8 14. Kh2 Re8 15.
Rc1 Qd8 16. Qd2 Qa5 17. Nxc6 bxc6 18. c5 Rad8 19. cxd6 exd6 20. Bg5 Re5 21. f4
Re6 22. e4 Rde8 23. f5 gxf5 24. Rxf5 d5 25. Qf2 Ng4+ 26. hxg4 Bxc3 27. Rxf7 Bc8
28. Rxa7 Rf8 29. Rxa5 Rxf2 30. Rxc3 Rxe4 31. Re3 Rxg4 32. Bh6 Rg6 33. Re8+ 1-0

[Event "Aarhus Festuge Open"]
[Site "Aarhus"]
[Date "1992.??.??"]
[Round "3"]
[White "Nielsen, Henning"]
[Black "Pedersen, Nicolai Vesterbaek"]
[Result "0-1"]
[WhiteElo "2145"]
[BlackElo "2115"]
[PlyCount "22"]
[EventDate "1992.??.??"]

1. e4 e5 2. Nf3 Nc6 3. Bc4 Nf6 4. Ng5 d5 5. exd5 Nd4 6. c3 b5 7. Bd3 Nxd5 8.
cxd4 Qxg5 9. Bxb5+ Kd8 10. O-O Bb7 11. d3 Nf4 0-1

[Event "Aarhus Festuge Open"]
[Site "Aarhus"]
[Date "1992.??.??"]
[Round "3"]
[White "Nielsen, Jan Lovig"]
[Black "Pedersen, Daniel Vesterbaek"]
[Result "1/2-1/2"]
[WhiteElo "2035"]
[BlackElo "2230"]
[PlyCount "87"]
[EventDate "1992.??.??"]

1. c4 Nf6 2. Nc3 e6 3. g3 d5 4. Bg2 c5 5. Nf3 d4 6. Nb5 Nc6 7. O-O a6 8. Na3
Bd6 9. d3 O-O 10. Nc2 e5 11. a3 Qc7 12. Nd2 Bf5 13. Ne4 Nxe4 14. dxe4 Be6 15.
Qd3 Na5 16. b3 b5 17. Bd2 bxc4 18. Bxa5 cxd3 19. Bxc7 Bxc7 20. exd3 Bxb3 21.
Rfc1 Ba5 22. Ne1 Bc3 23. Rab1 Rab8 24. Bh3 c4 25. dxc4 Bxc4 26. Bf1 Ba2 27.
Rxb8 Rxb8 28. Bxa6 Ra8 29. Bf1 Rxa3 30. Nd3 f6 31. f4 Ra5 32. fxe5 fxe5 33. Rc2
Be6 34. Rf2 Ra1 35. Kg2 Ra5 36. h4 h6 37. Kh2 Bc8 38. Bh3 Ba6 39. Be6+ Kh7 40.
Rf3 Bd2 41. h5 Bxd3 42. Rf8 g5 43. Rf7+ Kh8 44. Rf8+ 1/2-1/2

[Event "Aarhus Festuge Open"]
[Site "Aarhus"]
[Date "1992.??.??"]
[Round "3"]
[White "Olesen, Niels H"]
[Black "Hvid, Jonas"]
[Result "1/2-1/2"]
[WhiteElo "2010"]
[BlackElo "1920"]
[PlyCount "48"]
[EventDate "1992.??.??"]

1. d4 d5 2. c4 c6 3. Nc3 Nf6 4. Nf3 e6 5. Bg5 h6 6. Bh4 dxc4 7. a4 Bb4 8. Bxf6
Qxf6 9. e3 Bxc3+ 10. bxc3 b5 11. Ne5 a6 12. g3 Ra7 13. Bg2 Rc7 14. O-O O-O 15.
Qb1 Bb7 16. axb5 cxb5 17. Bxb7 Rxb7 18. Nxc4 Rc7 19. Nd2 Rc6 20. Ne4 Qe7 21.
Nc5 Qd6 22. Qb4 Nd7 23. Nxd7 Qxd7 24. Ra3 Rb8 1/2-1/2

[Event "Aarhus Festuge Open"]
[Site "Aarhus"]
[Date "1992.??.??"]
[Round "3"]
[White "Pedersen, Jan"]
[Black "Conradsen, Claus"]
[Result "1-0"]
[WhiteElo "2270"]
[BlackElo "1985"]
[PlyCount "95"]
[EventDate "1992.??.??"]

1. e4 c5 2. Nf3 Nc6 3. Bb5 a6 4. Bxc6 dxc6 5. O-O g6 6. d3 Bg7 7. Nc3 b5 8. Be3
Bd4 9. Bxd4 cxd4 10. Ne2 c5 11. h3 b4 12. Qd2 Bb7 13. a3 a5 14. axb4 axb4 15.
Rxa8 Qxa8 16. Qg5 Qc8 17. Ra1 f6 18. Qf4 g5 19. Qg4 Qxg4 20. hxg4 Kd7 21. Ra5
Nh6 22. Rxc5 e5 23. Rb5 Bc6 24. Rxb4 Ra8 25. Nfxd4 exd4 26. Rxd4+ Kc7 27. f3
Nf7 28. Rb4 Ne5 29. Kf2 Ra4 30. Rxa4 Bxa4 31. b3 Be8 32. d4 Nc6 33. Ke3 Nb4 34.
c4 Nc6 35. Kd3 Bf7 36. Kc3 h5 37. gxh5 Bxh5 38. g4 Bg6 39. b4 Ne7 40. b5 Be8
41. Kb4 Ng6 42. d5 Ne5 43. Nd4 Bd7 44. c5 Nxf3 45. d6+ Kc8 46. Nxf3 Bxg4 47.
Nd4 Bd7 48. c6 1-0

[Event "Aarhus Festuge Open"]
[Site "Aarhus"]
[Date "1992.??.??"]
[Round "3"]
[White "Petersen, Flemming Petri"]
[Black "Pedersen, Peer Ole"]
[Result "1-0"]
[WhiteElo "2075"]
[BlackElo "2060"]
[PlyCount "75"]
[EventDate "1992.??.??"]

1. e4 e5 2. d4 exd4 3. Qxd4 c5 4. Qe3 Nc6 5. Nf3 d6 6. Bd2 Be6 7. Nc3 Nf6 8.
Ng5 Nd4 9. O-O-O a6 10. f4 Be7 11. h3 b5 12. Nxe6 fxe6 13. g4 Qa5 14. Kb1 b4
15. g5 Nd7 16. Ne2 e5 17. Nxd4 cxd4 18. Qb3 Rb8 19. Bc4 Rf8 20. f5 Nc5 21. Qf3
Na4 22. Qh5+ Kd8 23. Bb3 Nc3+ 24. bxc3 bxc3 25. Bc1 d5 26. g6 h6 27. f6 Bxf6
28. exd5 Qxd5 29. Ka1 Rxb3 30. axb3 Kc7 31. Qe2 Rb8 32. Qc4+ Qxc4 33. bxc4 Rb4
34. Rhf1 Kd6 35. Rxf6+ gxf6 36. Ba3 a5 37. Bxb4+ axb4 38. g7 1-0

[Event "Aarhus Festuge Open"]
[Site "Aarhus"]
[Date "1992.??.??"]
[Round "3"]
[White "Sondergaard, Gunner"]
[Black "Hansen, Lars"]
[Result "0-1"]
[WhiteElo "1930"]
[BlackElo "2265"]
[PlyCount "48"]
[EventDate "1992.??.??"]

1. e4 e5 2. Nf3 Nf6 3. Nxe5 d6 4. Nf3 Nxe4 5. d4 d5 6. Bd3 Nc6 7. O-O Be7 8. c4
Nb4 9. Nc3 Nxd3 10. Qxd3 Nxc3 11. bxc3 Be6 12. c5 O-O 13. Ne5 f6 14. Nf3 b6 15.
Re1 Bf7 16. Ba3 Re8 17. Nh4 Bf8 18. Nf5 Bg6 19. Qf3 Qd7 20. Ne3 Qa4 21. Bb2 c6
22. cxb6 axb6 23. Qg3 Qb5 24. Bc1 Qd3 0-1

[Event "Aarhus Festuge Open"]
[Site "Aarhus"]
[Date "1992.??.??"]
[Round "4"]
[White "Conradsen, Claus"]
[Black "Sorensen, Michael"]
[Result "0-1"]
[WhiteElo "1985"]
[BlackElo "2100"]
[PlyCount "60"]
[EventDate "1992.??.??"]

1. d4 Nf6 2. Nf3 d5 3. c4 e6 4. Nc3 c5 5. cxd5 exd5 6. g3 Nc6 7. Bg2 Be7 8. O-O
O-O 9. b3 Bg4 10. dxc5 Bxc5 11. Na4 Be7 12. Bb2 Rc8 13. Rc1 Re8 14. Nc5 Ne4 15.
Nd3 Bf6 16. h3 Bxb2 17. Nxb2 Bh5 18. g4 Bg6 19. Nd2 Qf6 20. Nxe4 dxe4 21. Nc4
Rcd8 22. Qe1 Nd4 23. Rd1 h5 24. Ne3 hxg4 25. hxg4 Qg5 26. Rd2 f5 27. gxf5 Bxf5
28. Nxf5 Nxf5 29. Rxd8 Nh4 30. Rxe8+ Kh7 0-1

[Event "Aarhus Festuge Open"]
[Site "Aarhus"]
[Date "1992.??.??"]
[Round "4"]
[White "Gasseholm, Finn"]
[Black "Kostuk, Anatolij"]
[Result "1-0"]
[WhiteElo "2055"]
[BlackElo "2000"]
[PlyCount "63"]
[EventDate "1992.??.??"]

1. d4 d5 2. c4 dxc4 3. e3 b5 4. a4 c6 5. axb5 Qb6 6. Bxc4 e6 7. Nc3 Bb4 8. Qb3
a5 9. Bd2 Ne7 10. Nf3 Bb7 11. O-O Nd7 12. Na4 Qc7 13. Bxb4 axb4 14. Rfc1 Qd6
15. Qc2 O-O 16. Ng5 g6 17. Ne4 Qc7 18. Bd3 Rfc8 19. Nec5 cxb5 20. Bxb5 Nxc5 21.
Nxc5 Rab8 22. Qa4 Nc6 23. Nxb7 Rxb7 24. Rxc6 Qb8 25. Rxc8+ Qxc8 26. Ba6 Kg7 27.
Bxb7 Qxb7 28. Qa7 Qc6 29. Qc5 Qb7 30. Ra7 Qe4 31. Qe5+ Qxe5 32. dxe5 1-0

[Event "Aarhus Festuge Open"]
[Site "Aarhus"]
[Date "1992.??.??"]
[Round "4"]
[White "Husted, Peter"]
[Black "Hansen, Bjarne"]
[Result "1-0"]
[WhiteElo "2245"]
[BlackElo "2150"]
[PlyCount "53"]
[EventDate "1992.??.??"]

1. e4 d6 2. d4 Nf6 3. Nc3 c6 4. f4 Qa5 5. Bd3 e5 6. Nf3 Bg4 7. Be3 Nbd7 8. O-O
Be7 9. Qd2 Bxf3 10. Rxf3 Ng4 11. dxe5 dxe5 12. Nd1 Qa4 13. Kh1 Nxe3 14. Nxe3
O-O-O 15. Nc4 exf4 16. Qxf4 Rhf8 17. e5 b5 18. Nd6+ Bxd6 19. Qxa4 bxa4 20. exd6
Ne5 21. Bf5+ Kb7 22. Re3 Nc4 23. Re7+ Kb6 24. d7 g6 25. Bh3 Nd6 26. Rd1 Rfe8
27. dxe8=Q 1-0

[Event "Aarhus Festuge Open"]
[Site "Aarhus"]
[Date "1992.??.??"]
[Round "4"]
[White "Hvid, Jonas"]
[Black "Ziska, Bogi"]
[Result "0-1"]
[WhiteElo "1920"]
[BlackElo "2225"]
[PlyCount "74"]
[EventDate "1992.??.??"]

1. d4 Nf6 2. c4 g6 3. Nc3 Bg7 4. e4 d6 5. f4 O-O 6. Nf3 c5 7. d5 b5 8. cxb5 a6
9. e5 dxe5 10. fxe5 Ng4 11. Bf4 g5 12. Nxg5 f6 13. Nf3 fxe5 14. Bg5 axb5 15. d6
Qxd6 16. Qxd6 exd6 17. Bxb5 Bb7 18. Be7 Rf4 19. Bxd6 Ne3 20. Ke2 Nc2 21. Rac1
Bxf3+ 22. gxf3 Nd4+ 23. Kf2 Rxf3+ 24. Kg2 Rxc3 25. Bc4+ Rxc4 26. Rxc4 Nd7 27.
a3 Ne6 28. b4 cxb4 29. Bxb4 Nb6 30. Rc6 Nd5 31. Rhc1 Ndf4+ 32. Kf1 Kf7 33. Rc8
Ra7 34. R1c4 Nd5 35. Rh4 h6 36. Ke1 Nef4 37. Rc4 h5 0-1

[Event "Aarhus Festuge Open"]
[Site "Aarhus"]
[Date "1992.??.??"]
[Round "4"]
[White "Jacobsen, Bo"]
[Black "Hoiberg, Nina"]
[Result "0-1"]
[WhiteElo "2245"]
[BlackElo "2245"]
[PlyCount "90"]
[EventDate "1992.??.??"]

1. c4 c5 2. g3 g6 3. Bg2 Bg7 4. Nc3 Nc6 5. d3 e5 6. Nf3 d6 7. O-O Nge7 8. Ne1
Be6 9. Nc2 d5 10. cxd5 Nxd5 11. Ne3 Nde7 12. Ne4 b6 13. Qa4 O-O 14. Nxc5 bxc5
15. Bxc6 Nxc6 16. Qxc6 Rc8 17. Qa6 Qd7 18. Bd2 e4 19. Bc3 Rc6 20. Qa5 exd3 21.
Rfd1 Bxc3 22. Qxc3 c4 23. exd3 cxd3 24. Qxd3 Qxd3 25. Rxd3 Bh3 26. Rad1 Kg7 27.
f4 Be6 28. b3 Ra6 29. R1d2 Rc8 30. Rb2 Rc1+ 31. Rd1 Rc5 32. Kf2 Rh5 33. Kf3 Bc8
34. Ke4 Re6+ 35. Kd4 Rd6+ 36. Kc3 Rc5+ 37. Kb4 Rdc6 38. Rdd2 Ba6 39. Rbc2 Rb5+
40. Ka4 Re6 41. Nd5 Re4+ 42. b4 Rb7 43. a3 Bc4 44. Rc3 a5 45. Kxa5 Re8 0-1

[Event "Aarhus Festuge Open"]
[Site "Aarhus"]
[Date "1992.??.??"]
[Round "4"]
[White "Lindfeldt, Jan Magnus"]
[Black "Sand, Bjorn"]
[Result "1-0"]
[WhiteElo "2030"]
[BlackElo "1765"]
[PlyCount "85"]
[EventDate "1992.??.??"]

1. e4 e6 2. d4 d5 3. e5 c5 4. c3 Nc6 5. Nf3 Bd7 6. Bd3 Qb6 7. O-O cxd4 8. cxd4
Nxd4 9. Nxd4 Qxd4 10. Nc3 Qxe5 11. Re1 Qd6 12. Qf3 Nf6 13. Bf4 Qc5 14. Rac1 Qa5
15. a3 Be7 16. b4 Qb6 17. Ne2 Bd6 18. Bg5 Be7 19. Nf4 Kf8 20. Qg3 Qd6 21. Bxf6
gxf6 22. Qh4 e5 23. Qh6+ Ke8 24. Qg7 Rf8 25. Nh5 Kd8 26. Qxh7 e4 27. Bb1 Qe5
28. Qh6 f5 29. Qf4 Qxf4 30. Nxf4 Bg5 31. Nxd5 Bxc1 32. Rxc1 Rc8 33. Rd1 f6 34.
Nf4 Ke8 35. Ba2 Ba4 36. Re1 Rc2 37. Be6 Ke7 38. Bxf5 Bc6 39. Ng6+ Kf7 40. Nxf8
Kxf8 41. h4 Ra2 42. Re3 Kg7 43. Bxe4 1-0

[Event "Aarhus Festuge Open"]
[Site "Aarhus"]
[Date "1992.??.??"]
[Round "4"]
[White "Marcussen, Anders"]
[Black "Sondergaard, Gunner"]
[Result "1-0"]
[WhiteElo "2135"]
[BlackElo "1930"]
[PlyCount "109"]
[EventDate "1992.??.??"]

1. d4 Nf6 2. Nf3 d5 3. c4 c6 4. cxd5 cxd5 5. Nc3 e6 6. Bf4 Bd6 7. Bxd6 Qxd6 8.
e3 Bd7 9. Bd3 O-O 10. O-O Nc6 11. Rc1 Rac8 12. Qe2 Rfe8 13. Bb1 e5 14. dxe5
Nxe5 15. h3 Nxf3+ 16. Qxf3 Bc6 17. Qd1 Qe5 18. Qd2 Qg5 19. Qd4 Bd7 20. h4 Qh5
21. Bd3 Ng4 22. g3 Ne5 23. Be2 Qf5 24. Nxd5 Bb5 25. Qf4 Qxf4 26. Nxf4 Bxe2 27.
Nxe2 Nd3 28. Rxc8 Rxc8 29. Nd4 Kf8 30. Rd1 Rc1 31. Rxc1 Nxc1 32. a3 Nd3 33. b3
a6 34. Kf1 g6 35. Ke2 Ne5 36. Nf3 Ng4 37. Ng5 Nf6 38. Kd3 Ke7 39. f3 h6 40. Ne4
Nd7 41. Kd4 b6 42. g4 Ke6 43. Nd2 Ne5 44. e4 h5 45. g5 Nc6+ 46. Ke3 Ne5 47. Nc4
Nd7 48. f4 b5 49. Nd2 a5 50. Kd4 Kd6 51. a4 bxa4 52. bxa4 Ke6 53. Kc4 f6 54.
gxf6 Nxf6 55. Kb5 1-0

[Event "Aarhus Festuge Open"]
[Site "Aarhus"]
[Date "1992.??.??"]
[Round "4"]
[White "Nielsen, Henning"]
[Black "Flindtholt, Birger"]
[Result "1-0"]
[WhiteElo "2145"]
[BlackElo "2130"]
[PlyCount "77"]
[EventDate "1992.??.??"]

1. e4 Nf6 2. e5 Nd5 3. d4 d6 4. Nf3 dxe5 5. Nxe5 g6 6. Bc4 c6 7. Nc3 Be6 8. O-O
Bg7 9. Ne4 Nc7 10. Bb3 Nd7 11. Bf4 Bxb3 12. axb3 Ne6 13. Bg3 Nxe5 14. dxe5 Qd4
15. Ra4 Qxb2 16. f4 Rd8 17. Qe2 O-O 18. Be1 Nd4 19. Qf2 Nxc2 20. Rc4 Qxb3 21.
Qxc2 Qxc2 22. Rxc2 Rc8 23. Ra2 a6 24. Nc5 g5 25. g3 gxf4 26. gxf4 Rfd8 27. Nxb7
Rd5 28. Rxa6 c5 29. Na5 c4 30. Rc6 Rxc6 31. Nxc6 Bf8 32. Bb4 e6 33. Ne7+ Bxe7
34. Bxe7 c3 35. Kh1 Kg7 36. Rg1+ Kh6 37. Rg5 Rd1+ 38. Kg2 c2 39. Bf8# 1-0

[Event "Aarhus Festuge Open"]
[Site "Aarhus"]
[Date "1992.??.??"]
[Round "4"]
[White "Olesen, Niels H"]
[Black "Christensen, Jan"]
[Result "0-1"]
[WhiteElo "2010"]
[BlackElo "2250"]
[PlyCount "80"]
[EventDate "1992.??.??"]

1. c4 g6 2. Nc3 Bg7 3. d4 Nf6 4. e4 O-O 5. Nf3 c5 6. Be2 d6 7. h3 cxd4 8. Nxd4
Nc6 9. Be3 Bd7 10. O-O Rc8 11. Qd2 Nxd4 12. Bxd4 Be6 13. b3 a6 14. Qe3 Nd7 15.
Rad1 Bxd4 16. Qxd4 Qa5 17. f4 Nf6 18. Kh1 b5 19. f5 Bd7 20. fxg6 fxg6 21. e5
dxe5 22. Qxe5 Qc7 23. Qg5 Be6 24. Nd5 Bxd5 25. cxd5 Ne4 26. Rxf8+ Rxf8 27. d6
Nxd6 28. Qd5+ Kg7 29. Qe5+ Rf6 30. Bg4 h5 31. Bf3 Qd7 32. Re1 Kf8 33. Bc6 Qd8
34. Bd5 Nf5 35. Rc1 Qd6 36. Rc8+ Kg7 37. Qxd6 Rxd6 38. Bb7 Rd1+ 39. Kh2 h4 40.
Rc7 Ng3 0-1

[Event "Aarhus Festuge Open"]
[Site "Aarhus"]
[Date "1992.??.??"]
[Round "4"]
[White "Ostersen, Kjeld"]
[Black "Bonnez, Finn"]
[Result "1-0"]
[WhiteElo "2080"]
[BlackElo "2050"]
[PlyCount "69"]
[EventDate "1992.??.??"]

1. d4 d5 2. c4 c6 3. Nc3 Nf6 4. Nf3 e6 5. Bg5 Nbd7 6. e3 Be7 7. Rc1 Ne4 8. Bxe7
Qxe7 9. Bd3 Nxc3 10. bxc3 e5 11. cxd5 cxd5 12. dxe5 O-O 13. Bb1 Nb6 14. Qd4 Be6
15. O-O Rac8 16. Qd3 g6 17. Nd4 Bd7 18. f4 Rc5 19. e4 Rfc8 20. Qg3 Na4 21. Rf3
dxe4 22. Bxe4 Rc4 23. Rc2 Qc5 24. f5 Rxd4 25. cxd4 Qxd4+ 26. Re3 Nc5 27. fxg6
fxg6 28. Bxg6 Kh8 29. Qf2 Rg8 30. Qf6+ Rg7 31. Qf8+ Rg8 32. Qxc5 Qd1+ 33. Kf2
Rxg6 34. Rf3 Rg8 35. e6 1-0

[Event "Aarhus Festuge Open"]
[Site "Aarhus"]
[Date "1992.??.??"]
[Round "4"]
[White "Pedersen, Bjarne"]
[Black "Pedersen, Daniel Vesterbaek"]
[Result "0-1"]
[WhiteElo "2235"]
[BlackElo "2230"]
[PlyCount "56"]
[EventDate "1992.??.??"]

1. d4 d5 2. c4 e6 3. Nc3 Nf6 4. cxd5 exd5 5. Bg5 Be7 6. Qc2 c6 7. e3 Nbd7 8.
Bd3 O-O 9. Nge2 Re8 10. O-O Nf8 11. a3 Nh5 12. Bxe7 Qxe7 13. b4 a6 14. Rab1 g6
15. a4 f5 16. b5 axb5 17. axb5 Ne6 18. g3 Bd7 19. Rfc1 Ng5 20. bxc6 bxc6 21.
Na4 Nh3+ 22. Kg2 Nxf2 23. Kxf2 Qxe3+ 24. Ke1 f4 25. Nb6 Bg4 26. Nxa8 f3 27. Nc7
f2+ 28. Kf1 Bh3# 0-1

[Event "Aarhus Festuge Open"]
[Site "Aarhus"]
[Date "1992.??.??"]
[Round "4"]
[White "Pedersen, Nicolai Vesterbaek"]
[Black "Borsos, Bogdan"]
[Result "0-1"]
[WhiteElo "2115"]
[BlackElo "2330"]
[PlyCount "60"]
[EventDate "1992.??.??"]

1. e4 d6 2. d4 Nf6 3. Nc3 c6 4. f4 Qa5 5. e5 Ne4 6. Qf3 d5 7. Bd3 Nxc3 8. Bd2
e6 9. Bxc3 Bb4 10. Ne2 c5 11. Bxb4 Qxb4+ 12. c3 Qxb2 13. O-O c4 14. Rfb1 Qa3
15. Bc2 g6 16. g4 h5 17. h3 hxg4 18. hxg4 Nd7 19. f5 gxf5 20. gxf5 Nb6 21. Nf4
Bd7 22. fxe6 fxe6 23. Ng6 O-O-O 24. Nxh8 Rxh8 25. Rb4 Rg8+ 26. Kf2 a5 27. Rg1
Rd8 28. Rxb6 Rf8 29. Qf6 Rxf6+ 30. exf6 Qxc3 0-1

[Event "Aarhus Festuge Open"]
[Site "Aarhus"]
[Date "1992.??.??"]
[Round "4"]
[White "Petersen, Flemming Petri"]
[Black "Nielsen, Jan Lovig"]
[Result "1-0"]
[WhiteElo "2075"]
[BlackElo "2035"]
[PlyCount "95"]
[EventDate "1992.??.??"]

1. e4 e6 2. Qe2 c5 3. g3 Nc6 4. Nf3 Be7 5. Bg2 Nf6 6. d3 d5 7. c3 O-O 8. O-O b6
9. Nfd2 Bb7 10. e5 Nd7 11. f4 Qc7 12. Na3 Rac8 13. b3 Rfd8 14. Nc2 d4 15. c4
Rf8 16. Qg4 f5 17. exf6 Rxf6 18. Ne4 Rg6 19. Qe2 Rf8 20. Bd2 Nd8 21. a3 Nf7 22.
b4 Nd6 23. bxc5 bxc5 24. Rab1 Bxe4 25. Bxe4 Nxe4 26. Qxe4 Nf6 27. Qxe6+ Kh8 28.
Ne1 Bd6 29. Ba5 Qc6 30. Nf3 Re8 31. Ne5 Rxe6 32. Nxc6 Re3 33. Ne5 Bxe5 34. fxe5
Ng8 35. Rb8 h5 36. Rff8 Kh7 37. Rxg8 Ra6 38. Rh8+ Kg6 39. Rb5 Rxd3 40. Rd8 Kf5
41. Rd6 Rxa5 42. Rxa5 Kxe5 43. Rd5+ Ke4 44. Rxa7 Rd1+ 45. Kg2 Rd2+ 46. Kh3 Kd3
47. Rxc5 Kc2 48. Rxh5 1-0

[Event "Aarhus Festuge Open"]
[Site "Aarhus"]
[Date "1992.??.??"]
[Round "4"]
[White "Samaritani, Fabio"]
[Black "Jensen, Vagn"]
[Result "0-1"]
[WhiteElo "2160"]
[BlackElo "2250"]
[PlyCount "69"]
[EventDate "1992.??.??"]

1. e4 d5 2. exd5 Nf6 3. c4 c6 4. Nc3 cxd5 5. d4 Nc6 6. Nf3 Bg4 7. cxd5 Nxd5 8.
Qb3 Bxf3 9. gxf3 Nb6 10. Be3 e6 11. O-O-O Be7 12. Kb1 O-O 13. Rg1 Kh8 14. Be2
Nb4 15. f4 N6d5 16. Ne4 Qb8 17. Bc1 Nxf4 18. Qg3 Ng6 19. Qg2 Nd5 20. Bc4 Ndf4
21. Qf3 Qc7 22. Bb3 a5 23. h4 a4 24. Bc2 Ra5 25. Nc3 a3 26. Rg4 Bd6 27. d5 f5
28. Rgg1 Nxh4 29. Qh1 Nhg6 30. dxe6 axb2 31. Bxb2 Be5 32. Rg3 Ne2 33. Nxe2 Bxb2
34. Rxg6 Be5 35. Bb3 0-1

[Event "Aarhus Festuge Open"]
[Site "Aarhus"]
[Date "1992.??.??"]
[Round "4"]
[White "Stercho, Stepan"]
[Black "Pedersen, Peer Ole"]
[Result "1-0"]
[WhiteElo "2300"]
[BlackElo "2060"]
[PlyCount "79"]
[EventDate "1992.??.??"]

1. e4 e5 2. Nc3 Nc6 3. f4 d6 4. Nf3 Nf6 5. Bb5 Bd7 6. O-O Nd4 7. Bxd7+ Qxd7 8.
Nxd4 exd4 9. Nb1 O-O-O 10. d3 d5 11. e5 Ng4 12. h3 Ne3 13. Bxe3 dxe3 14. d4 Qb5
15. Qc1 Qc4 16. c3 e2 17. Re1 Qd3 18. Qd2 Qg3 19. Rxe2 g5 20. f5 g4 21. Qe3
Qxe3+ 22. Rxe3 Bh6 23. Re2 gxh3 24. Kh2 Rdg8 25. g3 Rg4 26. Nd2 Rhg8 27. Rg1
Bf4 28. Nf1 h5 29. Kxh3 h4 30. Nh2 Rxg3+ 31. Rxg3 hxg3 32. Nf3 g2 33. Rxg2 Rh8+
34. Nh4 Kd8 35. Rg7 Ke8 36. e6 Kf8 37. Rxf7+ Ke8 38. Kg4 Bc1 39. Rxc7 Bxb2 40.
Rc8+ 1-0

[Event "Aarhus Festuge Open"]
[Site "Aarhus"]
[Date "1992.??.??"]
[Round "5"]
[White "Borsos, Bogdan"]
[Black "Ziska, Bogi"]
[Result "1-0"]
[WhiteElo "2330"]
[BlackElo "2225"]
[PlyCount "91"]
[EventDate "1992.??.??"]

1. e4 c5 2. c3 Nf6 3. e5 Nd5 4. d4 cxd4 5. Nf3 Nc6 6. Bc4 Nb6 7. Bb3 d5 8. exd6
Qxd6 9. Na3 a6 10. O-O Be6 11. Bxe6 Qxe6 12. Nxd4 Nxd4 13. Qxd4 Rd8 14. Qh4 Qc6
15. Bg5 f6 16. Be3 Nd5 17. Rad1 e5 18. Nc2 Be7 19. Qh5+ g6 20. Qf3 O-O 21. Bh6
Rfe8 22. Ne3 Nxe3 23. Qxc6 bxc6 24. Bxe3 Kf7 25. Rfe1 Ke6 26. Kf1 Rxd1 27. Rxd1
Rb8 28. Rd2 Rb7 29. f3 f5 30. Ke2 Rb5 31. h3 h5 32. b3 Rd5 33. c4 Rxd2+ 34.
Bxd2 e4 35. fxe4 fxe4 36. b4 Ke5 37. Bc3+ Kf4 38. a4 Bd6 39. Be1 g5 40. g3+ Kf5
41. a5 h4 42. g4+ Kf4 43. b5 cxb5 44. cxb5 axb5 45. a6 Bb8 46. Ba5 1-0